000 00197 a2200097 4500
020 _a978-1-61605-855-5
041 _aspa
100 _aMCdonald Megan
245 _ajudy moody es detective
942 _cBK
999 _c8307
_d8307